000 00821cab a2200313 4500
001 ABS52471
008 090401t1995 xxu||||| |||| 00| 0 eng d
035 _a(Sirsi) u80366
041 _aeng
245 _aMarket Report: North West - Merseyside, Cheshire and North Wales
260 _c1995
350 _a0
490 _aProperty Week
_v50(10) 9 March 1995, 38-64(10)
650 _aCHESHIRE
650 _aCREWE
650 _aDEMOGRAPHICS
650 _aMANCHESTER AIRPORT
650 _aMANCHESTER
650 _aMERSEYSIDE
650 _aNORTH WALES
650 _aNORTH-WEST ENGLAND
650 _aPLANNING ISSUES
650 _aTRANSPORT ISSUES
650 _aWALES
650 _aWARRINGTON
690 _aPROPERTY-COMMERCIAL PROPERTY-COMMERCIAL PROPERTY MARKET
942 _n0
948 _c04/03/1997
999 _c50616
_d50616